000 00606nam a22002177a 4500
003 UA-OsUOA
001 116314
007 ta
008 20160225b un ||||| |||| 00| 0 ukr d
100 _aСавенко О.
090 _a82
_bС12
942 _cSA
040 _aUA-OsUOA
_bukr
_cUA-OsUOA
_dUA-OsUOA
245 _aТрансформація різдвяного сюжету в декламації Памва Беринди
300 _aС.76-80
955 _a0
041 _aukr
080 _a82
773 0 _w116311
650 7 _a82 Література. Літературознавство
_2UDC
999 _c402194
_d402194